书目信息 |
| 题名: |
教子高招ABC
|
|
| 作者: | 潘莉华 编著 | |
| 分册: | ||
| 出版信息: | 北京 中国纺织工业出版社 1999.02 |
|
| 页数: | 149页 | |
| 开本: | 32开 | |
| 丛书名: | ||
| 单 册: | ||
| 中图分类: | G78 | |
| 科图分类: | ||
| 主题词: | 教育--类型 | |
| 电子资源: | ||
| ISBN: | 7-5064-1576-3 | |
| 000 | 00538nam0 2200193 45 | |
| 001 | 0009020875 | |
| 005 | 20000902084439.0 | |
| 010 | @a7-5064-1576-3@d8.00元 | |
| 100 | @a20000902d1999 km y0chiy0120 ea | |
| 101 | 0 | @achi |
| 105 | @a z 000yy | |
| 200 | 1 | @a教子高招ABC@AJiao Zi Gao Zhao abc@f潘莉华编著@FPan Li Hua Bian Zhu |
| 210 | @a北京@c中国纺织工业出版社@d1999.02 | |
| 215 | @a149页@d32开 | |
| 606 | 0 | @a教育@x类型 |
| 690 | @aG78@v3 | |
| 701 | 0 | @a潘莉华@4编著 |
| 801 | @aCN@bPftUser@c20000902 | |
| 905 | @b115183-185@dG78@eP323@f3 | |
| 教子高招ABC/潘莉华编著.-北京:中国纺织工业出版社,1999.02 |
| 149页;32开 |
| ISBN 7-5064-1576-3:8.00元 |
| ● |
| 相关链接 |
|
|
|
正题名:教子高招ABC
索取号:G78/P323
 
预约/预借
| 序号 | 登录号 | 条形码 | 馆藏地/架位号 | 状态 | 备注 |
| 1 | 115183 | 201151831 | 社科库409/409社科库 17排3列1层/ [索取号:G78/P323] | 在馆 | |
| 2 | 115184 | 201151840 | 社科库409/409社科库 17排3列1层/ [索取号:G78/P323] | 在馆 | |
| 3 | 115185 | 201151859 | 社科库409/409社科库 17排3列1层/ [索取号:G78/P323] | 在馆 |